Dinosaurios gigantes / (Registro nro. 3776)

Detalles MARC
000 -LEADER
fixed length control field 01164nam a2200289Ia 4500
003 - CONTROL NUMBER IDENTIFIER
control field OSt
005 - DATE AND TIME OF LATEST TRANSACTION
control field 20200924120251.0
008 - FIXED-LENGTH DATA ELEMENTS--GENERAL INFORMATION
fixed length control field 191128s2013 ck a gr 000 0 spa d
020 ## - INTERNATIONAL STANDARD BOOK NUMBER
International Standard Book Number 9789583048982
040 ## - CATALOGING SOURCE
Original cataloging agency CO-JMCR
Transcribing agency CO-JMCR
041 1# - LANGUAGE CODE
Language code of text/sound track or separate title spa
Language code of original eng
082 04 - DEWEY DECIMAL CLASSIFICATION NUMBER
Classification number 567.91 /
Item number H318d
Edition number 23
100 1# - MAIN ENTRY--PERSONAL NAME
Personal name Harrison, Paul,
Relator term autor
9 (RLIN) 10798
245 #0 - TITLE STATEMENT
Title Dinosaurios gigantes /
Statement of responsibility, etc. Paul Harrison ; edición, Leonardo Realpe Bolaños ; traducción del inglés, Yaneth Camargo Almeida
250 ## - EDITION STATEMENT
Edition statement Primera edición
260 ## - PUBLICATION, DISTRIBUTION, ETC.
Place of publication, distribution, etc. Bogotá :
Name of publisher, distributor, etc. Panamericana,
Date of publication, distribution, etc. 2013.
300 ## - PHYSICAL DESCRIPTION
Extent [14] páginas :
Other physical details ilustraciones a color ;
Dimensions 28 cm + gafas en 3D.
490 0# - SERIES STATEMENT
Series statement Suspenso en 3D
520 0# - SUMMARY, ETC.
Summary, etc. Retira las gafas 3D incluidas en este libro y prepárate para un espectacular encuentro tridimensional con los dinosaurios gigantes.
534 ## - ORIGINAL VERSION NOTE
Introductory phrase Giant dinosaurs
546 ## - LANGUAGE NOTE
Language note Traducido del inglés
650 24 - SUBJECT ADDED ENTRY--TOPICAL TERM
Topical term or geographic name entry element Dinosaurios
General subdivision hábitos y conducta
Form subdivision literatura juvenil
9 (RLIN) 10799
650 24 - SUBJECT ADDED ENTRY--TOPICAL TERM
Topical term or geographic name entry element Dinosaurios
General subdivision Historia
Form subdivision literatura juvenil
9 (RLIN) 10800
700 1# - ADDED ENTRY--PERSONAL NAME
Personal name Realpe Bolaños, Leonardo,
Relator term editor
9 (RLIN) 10801
700 1# - ADDED ENTRY--PERSONAL NAME
Personal name Camargo Almeida, Yaneth,
Relator term traductora
9 (RLIN) 10802
942 ## - ADDED ENTRY ELEMENTS (KOHA)
Source of classification or shelving scheme Dewey Decimal Classification
Koha item type Books
Existencias
Withdrawn status Lost status Source of classification or shelving scheme Materials specified (bound volume or other part) Damaged status Not for loan Home library Current library Shelving location Date acquired Source of acquisition Total Checkouts Total Renewals Full call number Barcode Date last seen Date last checked out Copy number Price effective from Koha item type
    Dewey Decimal Classification Donación--04/12/2018--     Biblioteca Pública José María del Castillo y Rada Biblioteca Pública José María del Castillo y Rada General Stacks 11/28/2019 Donación 14 2 567.91 / H318d 201808221 02/11/2026 02/11/2026 Ej.1 11/28/2019 Books